| 000 | 00417nam a2200181Ia 4500 | ||
|---|---|---|---|
| 999 |
_c37503 _d37503 |
||
| 003 | 0100 | ||
| 005 | 20190723120341.0 | ||
| 008 | 130303s9999 xx 000 0 und d | ||
| 040 | _cARRUPELIB | ||
| 050 | _aHM132.A7 1967 | ||
| 100 |
_aArgyle, Michael _947458 |
||
| 245 | 4 | _aThe Psychoogy of Interpersonal Behaviour | |
| 250 | _aSecond edition | ||
| 260 |
_aMiddlesex _bPenguin Books _c1967 |
||
| 300 | _a279p | ||
| 942 | 0 | 0 |
_01 _2lcc _cMONOGRAPH |